Sports Quiz

Random Sports or NFL Quiz
Score 0/100 Timer 12:00
3 Plays Today
Rank Player % Correct
2.Peyton Manning
98.4%
4.Tom Brady
98%
43.Eli Manning
97.5%
1.Adrian Peterson
96.8%
6.Aaron Rodgers
96.1%
3.Calvin Johnson
96.1%
14.Andre Johnson
95.1%
62.Chris Johnson
94.6%
59.Derrick Johnson
94.2%
33.Patrick Peterson
94%
11.Drew Brees
93.6%
5.J.J. Watt
89.9%
17.Matt Ryan
88.9%
15.Robert Griffin III
88.6%
19.Joe Flacco
88.4%
26.Julio Jones
88.2%
23.Andrew Luck
87.4%
88.Jacoby Jones
87.2%
7.Aldon Smith
87.1%
84.Steve Smith
86.9%
29.Justin Smith
86.9%
8.Arian Foster
86.8%
13.Ray Rice
86.7%
16.A.J. Green
85.2%
25.Rob Gronkowski
84.4%
22.Larry Fitzgerald
84.3%
46.Cam Newton
83.5%
24.Marshawn Lynch
83.1%
51.Russell Wilson
83%
9.Von Miller
83%
35.Dez Bryant
82.3%
97.Heath Miller
81.6%
32.Frank Gore
80.4%
28.Joe Thomas
80.3%
Rank Player % Correct
68.Demaryius Thomas
80.2%
66.Earl Thomas
80.2%
20.Jamaal Charles
79.9%
39.Roddy White
78.7%
41.Jason Witten
78.3%
21.Reggie Wayne
78.2%
45.LeSean Mccoy
78.1%
92.Gerald McCoy
77.4%
47.Tony Gonzalez
77.1%
31.Clay Matthews III
76.7%
27.Brandon Marshall
76.2%
76.Matthew Stafford
75.9%
38.Vernon Davis
75.9%
10.Patrick Willis
74.2%
40.Ndamukong Suh
73.9%
61.Ben Roethlisberger
73.9%
44.Wes Welker
72.8%
52.Vincent Jackson
71.8%
58.Victor Cruz
71%
81.Colin Kaepernick
70.3%
12.DeMarcus Ware
69.6%
73.Antonio Gates
69%
98.Maurice Jones-Drew
66.9%
57.Doug Martin
65.1%
72.Mario Williams
64.4%
99.Trent Williams
64.1%
30.Vince Wilfork
63.4%
64.Alfred Morris
63.2%
65.Dwayne Bowe
62.8%
50.Richard Sherman
62.4%
18.Ed Reed
61.9%
60.Jared Allen
61.8%
56.Terrell Suggs
60.9%
42.Haloti Ngata
55.9%
Rank Player % Correct
93.Anquan Boldin
55.7%
71.Trent Richardson
55.5%
55.Jason Pierre-Paul
55%
54.Julius Peppers
54.9%
53.Champ Bailey
53.3%
37.NaVorro Bowman
52.5%
34.Charles Tillman
52%
91.Troy Polamalu
52%
67.Darrelle Revis
51.7%
100.Dennis Pitta
50.3%
90.Percy Harvin
48.7%
36.Geno Atkins
43.1%
79.Luke Kuechly
39.6%
77.Aaron Hernandez
37.8%
48.Duane Brown
36.3%
83.Lance Briggs
35.5%
85.Charles Woodson
32.2%
49.Justin Houston
29.4%
86.London Fletcher
28.7%
70.Chad Greenway
27.2%
74.Robert Mathis
27.2%
89.Cameron Wake
26.8%
78.Joe Staley
25.4%
80.Dwight Freeney
25.3%
69.Tim Jennings
25.2%
82.Logan Mankins
25.1%
75.Brandon Flowers
21.6%
96.Dashon Goldson
16.1%
94.Daryl Washington
15.4%
63.Stephen Tulloch
14.9%
87.Bernard Pollard
11.7%
95.Max Unger
11.3%

You're not logged in!

Compare scores with friends on all Sporcle quizzes.
OR
Log In

Sporcle TV

Today on Sporcle TV


Watch our educational content, quiz creation guides, and fun videos on Sporcle TV.

Show Comments

Extras

Top Quizzes Today


Score Distribution

Your Account Isn't Verified!

In order to create a playlist on Sporcle, you need to verify the email address you used during registration. Go to your Sporcle Settings to finish the process.

Report this User

Report this user for behavior that violates our Community Guidelines.

Details: